Moderné technológie a kvalita ich využívania vo vzdelávaní dospelých

Problémy, ktoré priniesli do vzdelávania informačno-komunikačné technológie a ich riešenie. Moderné technológie vo vzdelávaní. Realizácia vzdelávania novej kvality.

Guardado en:
Detalles Bibliográficos
Autor principal: Dado, Milan
Otros Autores: Drozdová, Matilda
Formato: Capítulo de libro
Lenguaje:eslovaco
Materias:
Etiquetas: Agregar Etiqueta
Sin Etiquetas, Sea el primero en etiquetar este registro!

MARC

LEADER 00000naa a2200000 4500
001 r048386
005 20230918124243.9
041 0 |a slo 
044 |a SK 
245 1 0 |a Moderné technológie a kvalita ich využívania vo vzdelávaní dospelých  |c Milan Dado, Matilda Drozdová 
520 |a Problémy, ktoré priniesli do vzdelávania informačno-komunikačné technológie a ich riešenie. Moderné technológie vo vzdelávaní. Realizácia vzdelávania novej kvality. 
610 2 0 |a vzdelávanie dospelých 
610 2 0 |a kvalita 
610 2 0 |a technológie informačné 
610 2 0 |a technológie komunikačné 
100 1 |a Dado, Milan 
700 1 |a Drozdová, Matilda